Statistiques concernant Les feuilles mortes - paroles

Cliquez ici pour prendre le quiz!

Statistiques générales

  • Ce quiz a été pris 17 fois
    (10 depuis la dernière actualisation)
  • Le résultat moyen est 114 sur 141

Statistiques - réponses

paroles% Correct
à
100%
ai
100%
ce
100%
C'est
100%
chanson
100%
de
100%
En
100%
Et
100%
et
100%
feuilles
100%
l'
100%
le
100%
les
100%
Les
100%
m'
100%
mortes
100%
n'
100%
nous
100%
Nous
100%
qu'
100%
qui
100%
s'
100%
t'
100%
une
100%
aimais
90%
des
90%
Des
90%
deux
90%
je
90%
La
90%
la
90%
90%
Mais
90%
moi
90%
pas
90%
que
90%
ressemble
90%
se
90%
Toi
90%
tu
90%
Tu
90%
vie
90%
amants
80%
désunis
80%
ensemble
80%
me
80%
80%
pelle
80%
ramassent
80%
sur
80%
te
80%
temps-
80%
tous
80%
Tout
80%
aiment
70%
aussi
70%
bruit
70%
ceux
70%
Dans
70%
doucement
70%
efface
70%
faire
70%
sable
70%
sans
70%
sépare
70%
vivions
70%
du
60%
jours
60%
mer
60%
oubli
60%
regrets
60%
chantais
50%
était
50%
étions
50%
froide
50%
heureux
50%
Nord
50%
nuit
50%
oublié
50%
vent
50%
vois
50%
amis
40%
plus
40%
souvenirs
40%
souviennes
40%
aujourd'hui
30%
belle
30%
brûlant
30%
emportes
30%
Oh
30%
soleil
30%
tant
30%
voudrais
30%

Distribution des résultats

Percentile par nombre de réponses

% des personnes avec chaque résultat

Votre développement - résultats

Vous n’avez pas pris ce quiz depuis la dernière actualisation